000 00367 a2200157 4500
001 24720
020 _a9788526008755
040 _cAnchieta - São Paulo/Itaigara
100 _aOrthof, Sylvia
240 1 0 _aO Rei Preto de Ouro Preto
_lpor
245 1 0 _aO Rei Preto de Ouro Preto
300 _a[24]
362 0 _a2011
650 4 _aLiteratura infantil
942 _cBK
999 _c24720
_d24720